LEADER 02175nam 2200433 450 001 000000540 005 20050718115000.0 100 $a--------d1925----km-y0itay0103----ba 101 0 $aita 102 $aIT 200 1 $a<> chiesa vescovile di Lavello$eCatalogo dei vescovi di Lavello, con notizie sulle chiese di detta cittą, corredate da documenti e note, e con l'aggiunta di Sunti delle Carte Capitolari compilati dal Senatore Giustino Fortunato$fGiuseppe Solimene 210 $aMelfi$cTipografia editrice Mario Del Secolo$d1925 215 $a197, II p.16$c16 ill. f. t.$d25 cm 303 $aIn quarta di cop. elenco delle opere dello stesso aut. e "Prezzo: L. 20" 303 $aSulla cop. dedica manoscritta dell'aut.: "Al carissimo/ Comm. Sergio De Pilato/ con animo affettuosissimo/ G. Solimene" 320 $aIndice alla fine del testo, p.I-II 327 $aDedica: "Ai miei figli", p.3. Prefazione, p.5-6. Introduzione, p.7-21. Parte I. Serie cronologico-storica dei Vescovi della Chiesa di Lavello, p.22-102. Parte II. Chiese di Lavello esistenti e distrutte. Chiese una volta fuori dell'abitato, p.103-171. Parte III. Sunti delle carte capitolari di Lavello compilati dal Senatore Giustino Fortunato, p.172-182. Parte IV. Appendice. Documenti, p.183-197. 606 $aLavello (Potenza)$xStoria 606 $aLavello (Potenza)$xChiese 700 1$aSolimene,$bGiuseppe$0438320 801 0$aIT$bUniversitą della Basilicata - B.I.A.$gRICA$2unimarc 912 $a000000540 996 $aChiesa vescovile di Lavello$970788 997 $aUNIBAS BAS $aMONLET BAS $aMONOGR BAS $aLETTERE CAT $aGINO$b01$c19990617$lBAS01$h1025 CAT $aGINO$b01$c19990617$lBAS01$h1030 CAT $c20000913$lBAS01$h1423 CAT $c20000920$lBAS01$h1827 CAT $c20001010$lBAS01$h1630 CAT $c20050601$lBAS01$h1752 CAT $abatch$b01$c20050718$lBAS01$h1046 CAT $c20050718$lBAS01$h1106 CAT $c20050718$lBAS01$h1136 CAT $c20050718$lBAS01$h1150 FMT Z30 -1$lBAS01$LBAS01$mBOOK$1BASA1$APolo Storico-Umanistico$2FDEP$BFondo De Pilato$3FD/2071$62071$5D2071$819990617$f52$FRari